logo

Bir Sreshtho Munshi Abdur Rouf Library
Jhenaidah Cadet College

Memoties of Babar Emperor of India First of the Great Moghals / (Record no. 9553)

MARC details
000 -LEADER
fixed length control field 00584nam a2200217 a 4500
001 - CONTROL NUMBER
JCCL Control Number 9553
003 - CONTROL NUMBER IDENTIFIER
JCCL marc code BD-JhCC
005 - DATE AND TIME OF LATEST TRANSACTION
control field 20180319125132.0
008 - FIXED-LENGTH DATA ELEMENTS--GENERAL INFORMATION
fixed length control field 180319s1968 p a|||| || | 001 0 eng d
035 ## - SYSTEM CONTROL NUMBER
system control number (BD-JhCC)9553
040 ## - CATALOGING SOURCE
Original cataloging agency BD-JhCC
Modifying agency BD-JhCC
041 ## - LANGUAGE CODE
Language code of Book eng
082 ## - DEWEY DECIMAL CLASSIFICATION NUMBER
Classification number 954.0250924
Author mark and Year TAL 1968
100 ## - MAIN ENTRY--PERSONAL NAME
Personal name Talbot, F. G.
245 ## - TITLE STATEMENT
Title Memoties of Babar Emperor of India First of the Great Moghals /
Statement of responsibility, etc F. G. Talbot,
260 ## - PUBLICATION, DISTRIBUTION, ETC. (IMPRINT)
Place of publication, distribution, etc Lahore :
Name of publisher, distributor, etc The Book House,
Date of publication, distribution, etc 1968
300 ## - PHYSICAL DESCRIPTION
Pagination 254 p. :
Dimensions 22 cm.
650 ## - SUBJECT ADDED ENTRY--TOPICAL TERM
Topical term or geographic name as entry element Mogul Empire
Geographic subdivision India
942 ## - ADDED ENTRY ELEMENTS (KOHA)
Source of classification or shelving scheme Dewey Decimal Classification
Koha item type Books
Holdings
Source of classification or shelving scheme Damaged status Not for loan Home library Current library Shelving location Date of accession Total Checkouts Full call number Barcode Date last seen Copy number Koha item type
Dewey Decimal Classification     JCC Rouf Library JCC Rouf Library General Stacks 04/19/2018   954.0250924 TAL 1968 12660 03/19/2018 C - 1 Books

JCC Library | Contacts | JCC Home

Last Update on 23 September 2017
Copyright @ 2017-2020 JCC Rouf Library
Rouf Library, Jhenidah Cadet College (JCC), Bangladesh